| 000 | 00449nam a22001457a 4500 | ||
|---|---|---|---|
| 005 | 20170828105119.0 | ||
| 020 |
_a8177370200 _c200.00 |
||
| 035 | _aB-055363 | ||
| 037 |
_aDPL _bENG |
||
| 100 | _aGupta, Girish Chand | ||
| 245 |
_aBharat's valuation of immovable properties under direct taxes / _cby Girish Chand Gupta |
||
| 260 |
_aNew Delhi _bBharat Law House _c2000 |
||
| 300 |
_a294p. _c20 cms. |
||
| 942 |
_2ddc _cEN _h343.5404 _mGUP |
||
| 999 |
_c67151 _d67151 |
||